| 000 | 00960nam a2200265Ia 4500 | ||
|---|---|---|---|
| 001 | 22043 | ||
| 005 | 20260320113337.0 | ||
| 008 | 260320s9999||||xx |||||||||||||| ||und|| | ||
| 020 | _a9786123256418 | ||
| 041 | _aESP | ||
| 082 |
_a346.6 _bU831 ej. 2 |
||
| 100 |
_aUgarte Mostajo, Daniel L., _eAUT |
||
| 245 | 0 |
_aEl deber del acreedor de evitar y mitigar el daño : _blímite del quantum indemnizatorio en el régimen peruano de la responsabilidad civil por incumplimiento contractual |
|
| 246 |
_a _5 _b |
||
| 250 | _aPrimera edición | ||
| 260 |
_aLima : _bPalestra Editores, _c2025 |
||
| 300 |
_a343 páginas : _b _c24 cm. _e |
||
| 440 |
_a _n _v |
||
| 650 | _aCIS | ||
| 653 | _aDerecho civil; Responsabilidad contractual; Obligaciones y contratos (Derecho civil); Daño (Derecho civil) | ||
| 654 | _aDER | ||
| 700 |
_a _c |
||
| 856 |
_uhttps://itmsp.museknowledge.com/UCSP?groupID=2 _zVéase además: Base de datos Vlex |
||
| 942 |
_cLIB _dJUS _fMAT _2ddc _n |
||
| 999 |
_c22043 _d22043 |
||